| 000 | 00690nam a2200193 a 4500 | ||
|---|---|---|---|
| 003 | 0 | ||
| 005 | 20250301114609.0 | ||
| 008 | 100902s19uu xx 00 eng d | ||
| 050 |
_aPGS QP 531 _b.In58 2010 |
||
| 100 | _aInoue, Yutaka L. | ||
| 245 |
_aEffects of fruit juices on eggshells / _cYutaka L. Inoue. |
||
| 260 |
_aLas PiƱas City, Philippines : _bSouthville International School and Colleges, _c2010. |
||
| 300 |
_a21 pages _billustrations ; _c28 cm. |
||
| 504 | _aIncludes bibliographical references. | ||
| 650 |
_aAcidic foods _vEffects on calcium carbonate. |
||
| 650 |
_aFruit juices _vChemical properties. |
||
| 650 |
_aEggshell _vDissolution by acids. |
||
| 942 |
_2lcc _cPASS |
||
| 999 |
_c98335 _d98335 |
||